| 000 | 00838nam a2200169 i 4500 | ||
|---|---|---|---|
| 001 | 172983 | ||
| 003 | ES-MaACL | ||
| 005 | 20230906215110.0 | ||
| 008 | 091001s1873 sp |||| | spa d | ||
| 080 | _a821.134.2-23"18" | ||
| 100 | 0 |
_aCatalina, Mariano. _937037 |
|
| 245 | 1 | 3 |
_aEl Tasso _b: drama histórico en tres actos y en verso / _coriginal de Mariano Catalina. |
| 260 |
_aMadrid : _b[s.n.], _c1873 ( _fInpr. de Antonio Pérez Dubrull) |
||
| 300 |
_a105 p. : _b ; _c18 cm. |
||
| 500 | _aEn port.: Estrenada ... en el teatro del Circo la noche del martes 18 de febrero de 1873... | ||
| 852 | 1 |
_aBA _jF-8601(1) _zEnc. pasta española _q.- Falto de la cub. original _z.- Enc. en un vol. facticio formando parte de la col. facticia "Teatro Español moderno", vol. 54 _z.- Legado Gustavo Sáenz Diez _z.- Dedicatoria autógrafa del autor |
|
| 999 |
_c172983 _d172983 |
||